000 00292 a2200145 4500
001 182893
020 _a
040 _cMagnum
100 _aLacerda, Sérgio
240 1 0 _aJardim de pedras
_lpor
245 1 0 _aJardim de pedras
300 _a41
697 _aLITERATURA GERAL
942 _cBK
999 _c182893
_d182893